000 00677nam a2200229Ia 4500
003 OSt
005 20220925231744.0
006 a|||||r|||| 00| 0
007 ta
008 220923b |||||||| |||| 00| 0 eng d
037 _cGeneral Book
040 _aRTL
_cRTL
_beng
041 _2eng
_aeng
082 _aX:8, L5
100 _aRass Lawrence W
_9296071
245 0 _aManagement by task forces
_b A manual on the operation of interdisciplinary teams.
260 _aMaryland
_bLomand Books
_c1975
300 _axiv,197p. Bib p 183-92
_ccm.
650 _aManagement
_930681
942 _hX:8, L5
_cGB
_2CC
999 _c589386
_d589386